[Event "4NCL/Div3/KJCAK vs. CAMB2"]
[Site "Wokefield Park ENG"]
[Date "2010.05.02"]
[Round "10.5"]
[White "Maguire, Robert"]
[Black "Lee, Richard WY"]
[Result "1-0"]
[WhiteElo "1825"]
[BlackElo "2058"]
[PlyCount "87"]
[EventDate "2010.05.02"]
[SourceDate "2009.10.24"]

1. e4 c5 2. Nf3 d6 3. d4 cxd4 4. Nxd4 Nf6 5. Nc3 a6 6. Be3 e5 7. Nb3 Be6 8. f3
Be7 9. Qd2 O-O 10. O-O-O Nbd7 11. g4 b5 12. g5 b4 13. Ne2 Ne8 14. f4 a5 15. f5
a4 16. Nbd4 exd4 17. Nxd4 b3 18. Kb1 bxc2+ 19. Nxc2 Bb3 20. axb3 axb3 21. Na3
Ne5 22. h4 Ra4 23. Qg2 Qa8 24. Rd4 Kh8 25. Rxa4 Qxa4 26. Bb5 Qa8 27. Rc1 d5 28.
exd5 Bxa3 29. bxa3 Nd6 30. Bf1 Nxf5 31. Bc5 Re8 32. Bb5 Rb8 33. Qe4 Rxb5 34.
Qxf5 Qe8 35. Qe4 f6 36. Bd6 Kg8 37. gxf6 gxf6 38. Rg1+ Kh8 39. Qf5 Nd7 40. Qe6
Qc8 41. Bc7 Rb8 42. Qe7 Qf8 43. Qxd7 Re8 44. Bd6 1-0

[Event "4NCL/Div3/KJCAK vs. CAMB2"]
[Site "Wokefield Park ENG"]
[Date "2010.05.02"]
[Round "10.6"]
[White "Chan, Nevil"]
[Black "Gahir, Jasdeep"]
[Result "1/2-1/2"]
[WhiteElo "2098"]
[BlackElo "1765"]
[PlyCount "20"]
[EventDate "2010.05.02"]
[SourceDate "2009.10.24"]

1. d4 d5 2. Nc3 Nf6 3. Bg5 c5 4. Bxf6 exf6 5. e3 Nc6 6. Qh5 Be6 7. Nge2 cxd4 8.
exd4 g6 9. Qf3 Bh6 10. a3 Rc8 1/2-1/2

[Event "4NCL/Div3/SSC vs. RHYE"]
[Site "Wokefield Park ENG"]
[Date "2010.05.02"]
[Round "10.1"]
[White "Grant, David J"]
[Black "Jones, Richard S"]
[Result "0-1"]
[WhiteElo "2066"]
[BlackElo "2332"]
[PlyCount "56"]
[EventDate "2010.05.02"]
[SourceDate "2009.10.24"]

1. e4 c5 2. c3 Nf6 3. e5 Nd5 4. d4 cxd4 5. Nf3 Nc6 6. Bc4 Nb6 7. Bb3 d5 8. exd6
Qxd6 9. Na3 dxc3 10. Qxd6 exd6 11. Nb5 Rb8 12. bxc3 a6 13. Be3 axb5 14. Bxb6
Be7 15. O-O-O Ra8 16. Rhe1 Ra6 17. Be3 Be6 18. Bf4 Kd7 19. Bxe6+ fxe6 20. Rd2
Rha8 21. Kb1 b4 22. cxb4 Nxb4 23. Ne5+ Ke8 24. Nf3 Kf7 25. Nd4 Bf6 26. Nxe6
Rxa2 27. Rxa2 Rxa2 28. Ng5+ Kg6 0-1

[Event "4NCL/Div3/SSC vs. RHYE"]
[Site "Wokefield Park ENG"]
[Date "2010.05.02"]
[Round "10.2"]
[White "Williams, Leighton"]
[Black "Bucher, Grant W"]
[Result "1-0"]
[WhiteElo "2400"]
[BlackElo "2017"]
[PlyCount "49"]
[EventDate "2010.05.02"]
[SourceDate "2009.10.24"]

1. e4 e5 2. Nf3 Nc6 3. Bc4 Nf6 4. d3 Be7 5. O-O d6 6. c3 O-O 7. Bb3 h6 8. Re1
Re8 9. Nbd2 Bf8 10. Nf1 d5 11. exd5 Nxd5 12. d4 e4 13. N3d2 Nf6 14. Ng3 Bd6 15.
Ndxe4 Nxe4 16. Nxe4 Bxh2+ 17. Kxh2 Qh4+ 18. Kg1 Rxe4 19. Bxf7+ Kh7 20. Bd5
Rxe1+ 21. Qxe1 Bd7 22. Qe4+ Qxe4 23. Bxe4+ Kg8 24. Bf4 Rc8 25. Re1 1-0

[Event "4NCL/Div3/SSC vs. RHYE"]
[Site "Wokefield Park ENG"]
[Date "2010.05.02"]
[Round "10.3"]
[White "Michaud, Gerald"]
[Black "Kett, Timothy J"]
[Result "0-1"]
[WhiteElo "2066"]
[BlackElo "2240"]
[PlyCount "64"]
[EventDate "2010.05.02"]
[SourceDate "2009.10.24"]

1. d4 Nf6 2. Nf3 g6 3. c4 Bg7 4. Nc3 O-O 5. g3 d6 6. Bg2 Nc6 7. O-O e5 8. d5
Ne7 9. e4 Ne8 10. Be3 f5 11. Qd2 Nf6 12. Ne1 fxe4 13. Nxe4 Nxe4 14. Bxe4 Nf5
15. Bg5 Qe8 16. Ng2 Nd4 17. Nh4 Bh3 18. Bg2 Qd7 19. Rae1 Rae8 20. Bh6 Bxg2 21.
Kxg2 c6 22. Bxg7 Kxg7 23. f4 cxd5 24. fxe5 Rxf1 25. Qxd4 dxe5 26. Rxe5 Rxe5 27.
Qxe5+ Rf6 28. cxd5 Qd6 29. Qd4 Kg8 30. Qxa7 Qxd5+ 31. Kh3 g5 32. Qa4 Qe6+ 0-1

[Event "4NCL/Div3/SSC vs. RHYE"]
[Site "Wokefield Park ENG"]
[Date "2010.05.02"]
[Round "10.4"]
[White "Trevelyan, John"]
[Black "Payne, Matthew J"]
[Result "1/2-1/2"]
[WhiteElo "2160"]
[BlackElo "1871"]
[PlyCount "80"]
[EventDate "2010.05.02"]
[SourceDate "2009.10.24"]

1. d4 Nf6 2. c4 g6 3. Nc3 Bg7 4. e4 d6 5. Be2 O-O 6. Nf3 e5 7. dxe5 dxe5 8.
Qxd8 Rxd8 9. Bg5 Re8 10. Nd5 Nxd5 11. cxd5 c6 12. Bc4 cxd5 13. Bxd5 Nd7 14. Nd2
Nc5 15. O-O-O Be6 16. Bxe6 Rxe6 17. Be3 Rc6 18. Bxc5 Rxc5+ 19. Kb1 Rac8 20. Nb3
Rc2 21. Rc1 Rxc1+ 22. Rxc1 Rxc1+ 23. Kxc1 b6 {=} 24. Kc2 Kf8 25. Kd3 Ke7 26.
Kc4 a6 27. Nc1 Kd6 28. Nd3 Bh6 29. Nb4 b5+ 30. Kd3 a5 31. Nd5 Bg5 {=} 32. b3
Kc5 33. a3 b4 34. a4 Bd8 35. Ne3 f6 36. Nc4 Bc7 37. Ke3 Bd8 38. Nb2 Bb6 39.
Nd3+ Kd6+ 40. Kf3 Bd4 1/2-1/2

[Event "4NCL/Div3/SSC vs. RHYE"]
[Site "Wokefield Park ENG"]
[Date "2010.05.02"]
[Round "10.5"]
[White "Woods, Timothy J"]
[Black "Morris, Gareth L"]
[Result "0-1"]
[WhiteElo "1810"]
[BlackElo "2147"]
[PlyCount "76"]
[EventDate "2010.05.02"]
[SourceDate "2009.10.24"]

1. e4 c5 2. Nf3 Nc6 3. d4 cxd4 4. Nxd4 e5 5. Nb5 d6 6. N1c3 a6 7. Na3 Be7 8.
Nd5 Nf6 9. Nxf6+ gxf6 10. c3 f5 11. Bc4 h5 12. exf5 Bxf5 13. Qf3 Be6 14. Bd5
Qd7 15. Nc4 Bd8 16. Be3 Bc7 17. O-O-O O-O-O 18. Bb6 Bg4 19. Bxc6 bxc6 20. Qe3
Bxd1 21. Rxd1 Qe7 22. Na5 Rde8 23. Nxc6 Qd7 24. Nb4 a5 25. Bxc7 Qxc7 26. Nd5
Qb7 27. Nb6+ Kc7 28. Nd5+ Kb8 29. Kb1 f5 30. c4 Rc8 31. Rd3 a4 32. Rc3 Rc5 33.
f3 Rhc8 34. Qd3 Qa6 35. Nb4 Qb6 36. Nd5 Qb7 37. h3 h4 38. Qe2 Rxd5 0-1

[Event "4NCL/Div3/SSC vs. RHYE"]
[Site "Wokefield Park ENG"]
[Date "2010.05.02"]
[Round "10.6"]
[White "Brown, Tom"]
[Black "Burch, Jonathan G"]
[Result "1-0"]
[WhiteElo "2055"]
[BlackElo "1770"]
[PlyCount "67"]
[EventDate "2010.05.02"]
[SourceDate "2009.10.24"]

1. d4 Nf6 2. c4 c5 3. e3 Nc6 4. Nf3 b6 5. d5 Nb4 6. Nc3 d6 7. a3 Na6 8. Bd3 g6
9. O-O Bg7 10. e4 Ng4 11. h3 Ne5 12. Nxe5 Bxe5 13. Bh6 Bd7 14. Qd2 Qc8 15. f4
Bd4+ 16. Kh2 Rg8 17. Rae1 Qc7 18. Bg5 Bg7 19. Kh1 f6 20. Bh4 Bh6 21. Qe2 Bg7 {=
} 22. Qf3 Rf8 23. Qd1 O-O-O 24. e5 Be8 25. exd6 exd6 26. f5 g5 27. Bg3 Rf7 28.
Rxe8 Rxe8 29. Nb5 Qd7 30. Nxd6+ Kd8 31. Nxe8 Qxe8 32. Re1 Qd7 33. Re6 Nc7 34.
Rd6 1-0

[Event "4NCL/Div3/FCA2 vs. 3CS"]
[Site "Wokefield Park ENG"]
[Date "2010.05.02"]
[Round "10.1"]
[White "Kendall, Paul SN"]
[Black "Ashton, Adam G"]
[Result "0-1"]
[WhiteElo "2085"]
[BlackElo "2316"]
[PlyCount "54"]
[EventDate "2010.05.02"]
[SourceDate "2009.10.24"]

1. e4 e5 2. Nf3 Nc6 3. d4 exd4 4. Bc4 Nf6 5. e5 d5 6. Bb5 Ne4 7. Nxd4 Bd7 8.
Bxc6 bxc6 9. O-O Bc5 10. f3 Ng5 11. f4 Ne4 12. Be3 Bb6 13. Nc3 Nxc3 14. bxc3
Qe7 15. Qd2 O-O 16. a4 a5 17. Rae1 c5 18. Nb3 Rad8 19. Qf2 Bxa4 20. f5 Bxb3 21.
f6 Qxe5 22. Bh6 Qxf6 23. Qxf6 gxf6 24. Bxf8 Kxf8 25. cxb3 c4+ 26. Kh1 cxb3 27.
Rxf6 a4 0-1

[Event "4NCL/Div3/FCA2 vs. 3CS"]
[Site "Wokefield Park ENG"]
[Date "2010.05.02"]
[Round "10.2"]
[White "Longson, Alexander"]
[Black "Habershon, Paul F"]
[Result "1-0"]
[WhiteElo "2249"]
[BlackElo "2089"]
[PlyCount "55"]
[EventDate "2010.05.02"]
[SourceDate "2009.10.24"]

1. e4 Nf6 2. e5 Nd5 3. d4 d6 4. c4 Nb6 5. exd6 cxd6 6. Nc3 g6 7. Be3 Bg7 8. Rc1
O-O 9. b3 f5 10. Nf3 f4 11. Bd2 Nc6 12. d5 Ne5 13. Nxe5 Bxe5 14. Be2 Bf5 15.
O-O Qd7 16. a4 Rac8 17. Bf3 g5 18. h3 Kh8 19. Re1 Rg8 20. a5 Na8 21. Rxe5 dxe5
22. Qe2 h6 23. Qxe5+ Kh7 24. Nb5 Rcf8 25. Re1 e6 26. dxe6 Bxe6 27. Qxe6 Qxd2
28. Be4+ 1-0

[Event "4NCL/Div3/FCA2 vs. 3CS"]
[Site "Wokefield Park ENG"]
[Date "2010.05.02"]
[Round "10.3"]
[White "Fraser-Mitchell, Jeremy N"]
[Black "Jaunooby, Ali Reza"]
[Result "0-1"]
[WhiteElo "2002"]
[BlackElo "2158"]
[PlyCount "64"]
[EventDate "2010.05.02"]
[SourceDate "2009.10.24"]

1. d4 g6 2. e4 Bg7 3. c4 c5 4. d5 e5 5. Nc3 d6 6. Bd3 Ne7 7. g4 h5 8. gxh5 Rxh5
9. Nge2 Bg4 10. Qa4+ Qd7 11. Qxd7+ Kxd7 12. Ng3 Rh7 13. Be2 Bh3 14. Bd2 Na6 15.
O-O-O f5 16. exf5 gxf5 17. Rdg1 Bh8 18. Bg5 Rf8 19. Bf1 Nb4 20. a3 Bxf1 21.
Rxf1 Nd3+ 22. Kc2 e4 23. h4 Ne5 24. b3 Nf3 25. b4 cxb4 26. axb4 Rc8 27. Nb5
Nxd5 28. Nxf5 Rxc4+ 29. Kd1 Be5 30. Bc1 Rxb4 31. Na3 Ke6 32. Nc2 Nc3# 0-1

[Event "4NCL/Div3/FCA2 vs. 3CS"]
[Site "Wokefield Park ENG"]
[Date "2010.05.02"]
[Round "10.4"]
[White "James, Dale R"]
[Black "Majer, Chris E"]
[Result "1-0"]
[WhiteElo "2171"]
[BlackElo "2054"]
[PlyCount "57"]
[EventDate "2010.05.02"]
[SourceDate "2009.10.24"]

1. e4 c6 2. d4 d5 3. e5 g6 4. f4 h5 5. Be3 Nh6 6. Nf3 Bg4 7. Nbd2 e6 8. h3 Bxf3
9. Qxf3 Nf5 10. Bf2 h4 11. Bd3 Qb6 12. Bxf5 gxf5 13. Nb3 Nd7 14. O-O Rc8 15.
Rac1 Qa6 16. a3 c5 17. dxc5 Nxc5 18. Bxc5 Bxc5+ 19. Kh1 Be7 20. Rfd1 O-O 21. g4
Rfd8 22. gxf5 exf5 23. Qh5 Rc6 24. Rg1+ Rg6 25. Qxf5 Kf8 26. Nd4 Bc5 27. Rxg6
Qxg6 28. Qxg6 fxg6 29. Ne6+ 1-0

[Event "4NCL/Div3/FCA2 vs. 3CS"]
[Site "Wokefield Park ENG"]
[Date "2010.05.02"]
[Round "10.5"]
[White "Elwin, Adrian G"]
[Black "Burke, Mitchell R"]
[Result "1-0"]
[WhiteElo "2013"]
[BlackElo "1892"]
[PlyCount "61"]
[EventDate "2010.05.02"]
[SourceDate "2009.10.24"]

1. d4 d5 2. c4 e6 3. Nc3 Nf6 4. Bg5 Nbd7 5. e3 c6 6. Nf3 Qa5 7. Bxf6 Nxf6 8.
Nd2 Qd8 9. Bd3 Bd6 10. c5 Bc7 11. f4 a5 12. Rc1 Bd7 13. O-O b6 14. cxb6 Bxb6
15. Na4 O-O 16. Nc5 Bc8 17. Nf3 Qd6 18. Ne5 Rb8 19. b3 Bxc5 20. Rxc5 Nd7 21.
Rxc6 Qa3 22. Qc2 f5 23. Rc1 Nxe5 24. fxe5 Bd7 25. Rc7 Rbc8 26. Qd2 a4 27. b4
Rxc7 28. Rxc7 Rc8 29. Rxd7 Rc3 30. Bf1 Rxe3 31. b5 1-0

[Event "4NCL/Div3/FCA2 vs. 3CS"]
[Site "Wokefield Park ENG"]
[Date "2010.05.02"]
[Round "10.6"]
[White "Ashton, David A"]
[Black "Williamson, Kevin J"]
[Result "1-0"]
[WhiteElo "1610"]
[BlackElo "2045"]
[PlyCount "57"]
[EventDate "2010.05.02"]
[SourceDate "2009.10.24"]

1. e4 e5 2. f4 Qh4+ 3. g3 Qe7 4. Nf3 d6 5. Bc4 Be6 6. Qe2 Nc6 7. Nc3 Nf6 8. Nd5
Qd7 9. b4 Bg4 10. Bb2 Bxf3 11. Qxf3 Nxd5 12. exd5 Nxb4 13. Qb3 c5 14. a3 b5 15.
Be2 Nxc2+ 16. Qxc2 exf4 17. Qe4+ Kd8 18. Qxf4 Kc7 19. O-O f6 20. a4 b4 21. Bb5
Qf7 22. Bc6 Rb8 23. Rfc1 g5 24. Qf5 a5 25. Bxf6 Qg8 26. Qd7+ Kb6 27. Bd8+ Ka6
28. Bb5+ Rxb5 29. axb5# 1-0

[Event "4NCL/Div3/E2E42 vs. WES2"]
[Site "Wokefield Park ENG"]
[Date "2010.05.02"]
[Round "10.1"]
[White "Mansson, James C"]
[Black "Pleasants, Allan J"]
[Result "0-1"]
[WhiteElo "2142"]
[BlackElo "2038"]
[PlyCount "76"]
[EventDate "2010.05.02"]
[SourceDate "2009.10.24"]

1. Nf3 c5 2. c4 g6 3. e4 Bg7 4. d4 cxd4 5. Nxd4 Nc6 6. Nc2 d6 7. Be2 Nf6 8. Nc3
O-O 9. O-O Rb8 10. Rb1 b6 11. b4 Bb7 12. f4 Qd7 13. Bf3 Rfd8 14. Bb2 e6 15. Qe2
Rbc8 16. Rfd1 Qe7 17. a3 a6 18. g4 g5 19. e5 dxe5 20. fxg5 Nxg4 21. Ne4 f5 22.
gxf6 Nxf6 23. b5 axb5 24. cxb5 Nxe4 25. bxc6 Qc5+ 26. Nd4 exd4 27. Qxe4 Qxc6
28. Qxc6 Bxc6 29. Bg4 Kf7 30. Rf1+ Ke7 31. Bc1 Bf6 32. h3 b5 33. Bd2 Rg8 34.
Rbe1 Bd5 35. Bb4+ Kf7 36. Kh2 Rc2+ 37. Re2 Rxe2+ 38. Bxe2 Rg2+ 0-1

[Event "4NCL/Div3/E2E42 vs. WES2"]
[Site "Wokefield Park ENG"]
[Date "2010.05.02"]
[Round "10.2"]
[White "Tunks, Dominic"]
[Black "Bonafont, Philip R"]
[Result "0-1"]
[WhiteElo "2076"]
[BlackElo "2154"]
[PlyCount "52"]
[EventDate "2010.05.02"]
[SourceDate "2009.10.24"]

1. e4 c5 2. Nc3 d6 3. f4 g6 4. Nf3 Bg7 5. Bb5+ Bd7 6. Bxd7+ Qxd7 7. O-O Nc6 8.
d3 Nh6 9. Qe1 f5 10. Nd5 O-O 11. exf5 Nxf5 12. Ng5 Ncd4 13. Rf2 e6 14. Ne3 Rae8
15. c3 Nc6 16. Bd2 e5 17. Nd5 exf4 18. Qd1 Ne3 19. Bxe3 fxe3 20. Rxf8+ Rxf8 21.
Qb3 Kh8 22. Rf1 Rxf1+ 23. Kxf1 Qf5+ 24. Nf3 Qxd3+ 25. Ke1 Ne5 26. Qd1 Qe4 0-1

[Event "4NCL/Div3/E2E42 vs. WES2"]
[Site "Wokefield Park ENG"]
[Date "2010.05.02"]
[Round "10.3"]
[White "Talbot, Andrew R"]
[Black "Buchkremer, Felix"]
[Result "0-1"]
[WhiteElo "2141"]
[BlackElo "2088"]
[PlyCount "83"]
[EventDate "2010.05.02"]
[SourceDate "2009.10.24"]

1. d4 f5 2. g3 Nf6 3. Bg2 g6 4. c3 d6 5. Qb3 Nc6 6. d5 Ne5 7. Nh3 Bg7 8. Nf4 c6
9. O-O Qc7 10. h3 Nf7 11. Nd2 O-O 12. Ne6 Bxe6 13. dxe6 Nd8 14. e4 fxe4 15.
Nxe4 Nxe4 16. Bxe4 d5 17. Bg2 Nxe6 18. Re1 Nd8 19. c4 d4 20. c5+ Kh8 21. Bg5 e5
22. Be4 Qf7 23. Qxf7 Nxf7 24. Bd2 Rae8 25. a4 Bh6 26. Bxh6 Nxh6 27. b4 Nf7 28.
h4 Rc8 29. Kg2 Rfd8 30. Bd3 Kg7 31. Bc4 Re8 32. f3 b6 33. Ra2 bxc5 34. bxc5 Rb8
35. Rae2 Rb4 36. Bxf7 Kxf7 37. Rxe5 Rxe5 38. Rxe5 Rxa4 39. h5 d3 40. hxg6+ hxg6
41. Re3 Rd4 42. Re1 0-1

[Event "4NCL/Div3/E2E42 vs. WES2"]
[Site "Wokefield Park ENG"]
[Date "2010.05.02"]
[Round "10.4"]
[White "Gregory, Keith DF"]
[Black "Compton, Alistair"]
[Result "1-0"]
[WhiteElo "2060"]
[BlackElo "2061"]
[PlyCount "77"]
[EventDate "2010.05.02"]
[SourceDate "2009.10.24"]

1. Nf3 d5 2. c4 e6 3. g3 c5 4. Bg2 Nc6 5. O-O Nf6 6. b3 Be7 7. d3 O-O 8. Bb2
Qc7 9. Nbd2 a6 10. Rc1 b6 11. Qc2 d4 12. a3 Bb7 13. Qb1 Rad8 14. Rcd1 h6 15.
Rfe1 Nh7 16. e3 e5 17. exd4 exd4 18. Re2 f5 19. Rde1 Bd6 20. Qd1 Ng5 21. Nxg5
hxg5 22. Bd5+ Rf7 23. Re8+ Rxe8 24. Rxe8+ Bf8 25. Qh5 Nd8 26. Rxd8 Bxd5 27.
Rxd5 Qe7 28. Kf1 Qf6 29. Nf3 g6 30. Qxg5 Qe6 31. Qf4 Be7 32. h4 Bf6 33. Bc1 Re7
34. Kg2 Qe2 35. Rd6 Rf7 36. Ng5 Rf8 37. Qf3 Qc2 38. Qd5+ Kh8 39. Rxf6 1-0

[Event "4NCL/Div3/E2E42 vs. WES2"]
[Site "Wokefield Park ENG"]
[Date "2010.05.02"]
[Round "10.5"]
[White "Edwards, Ray B"]
[Black "Pittman, Frank J"]
[Result "1-0"]
[WhiteElo "2061"]
[BlackElo "1898"]
[PlyCount "109"]
[EventDate "2010.05.02"]
[SourceDate "2009.10.24"]

1. d4 Nf6 2. c4 c5 3. d5 d6 4. Nc3 g6 5. e4 Bg7 6. h3 Nbd7 7. Nf3 O-O 8. Be2
Ne8 9. O-O Ne5 10. Be3 Nxf3+ 11. Bxf3 a6 12. Qd2 Bd7 13. a4 Rb8 14. Be2 Nc7 15.
a5 b5 16. axb6 Rxb6 17. Ra2 Qb8 18. Bd1 Rb4 19. b3 Qb6 20. Bh6 Qb8 21. Bxg7
Kxg7 22. f4 f6 23. Qe3 Rb6 24. Raf2 Qd8 25. e5 a5 26. e6 Bc8 27. f5 Rh8 28.
fxg6 hxg6 29. Bc2 Qe8 30. Ne4 Nxd5 31. cxd5 Ba6 32. Ra1 Bb7 33. Nc3 Rh5 34. Rd2
Re5 35. Qg3 Rg5 36. Qf2 Qh8 37. Rd3 Qh5 38. Rg3 Rxg3 39. Qxg3 c4 40. bxc4 Rb2
41. Qd3 Ba6 42. Nb5 Qg5 43. Rb1 Ra2 44. Qb3 Rxc2 45. Qxc2 Qe3+ 46. Qf2 Qd3 47.
Rc1 a4 48. Qa7 Kh6 49. Qd4 Qg3 50. Rc3 Qe1+ 51. Kh2 Kg7 52. Nxd6 Qa1 53. Ne4 a3
54. d6 Qf1 55. Rf3 1-0

[Event "4NCL/Div3/E2E42 vs. WES2"]
[Site "Wokefield Park ENG"]
[Date "2010.05.02"]
[Round "10.6"]
[White "Coburn, Joseph A"]
[Black "Ireland, David J"]
[Result "0-1"]
[WhiteElo "1858"]
[BlackElo "2010"]
[PlyCount "54"]
[EventDate "2010.05.02"]
[SourceDate "2009.10.24"]

1. e4 c5 2. Nf3 d6 3. d4 cxd4 4. Nxd4 Nf6 5. Nc3 g6 6. f3 Bg7 7. Be3 O-O 8. Qd2
Nc6 9. h4 h5 10. Be2 d5 11. Nxc6 bxc6 12. exd5 cxd5 13. Bh6 e5 14. Bxg7 Kxg7
15. O-O-O Be6 16. a3 Qb6 17. Rde1 Rab8 18. Nd1 e4 19. Qe3 d4 20. Qd2 e3 21. Qd3
Rfc8 22. Qa6 Bf5 23. Qxb6 Rxc2+ 24. Kb1 Rxb6 25. Ka1 Rc1+ 26. Ka2 Bb1+ 27. Ka1
Bc2+ 0-1

[Event "4NCL/Div3/FPONTY vs. GLOSG"]
[Site "Wokefield Park ENG"]
[Date "2010.05.02"]
[Round "10.2"]
[White "Lambourne, Daniel M"]
[Black "Sully, David J"]
[Result "1/2-1/2"]
[WhiteElo "2001"]
[BlackElo "2119"]
[PlyCount "36"]
[EventDate "2010.05.02"]
[SourceDate "2009.10.24"]

1. c4 c5 2. Nf3 Nf6 3. Nc3 Nc6 4. g3 e6 5. Bg2 d5 6. cxd5 exd5 7. d4 Be7 8. O-O
O-O 9. Bg5 cxd4 10. Nxd4 h6 11. Bf4 a6 12. e4 Nxd4 13. Qxd4 dxe4 14. Qxd8 Rxd8
15. Nxe4 Nd5 16. Be5 Be6 17. Nc3 Nxc3 18. Bxc3 Bd5 1/2-1/2

[Event "4NCL/Div3/FPONTY vs. GLOSG"]
[Site "Wokefield Park ENG"]
[Date "2010.05.02"]
[Round "10.3"]
[White "Adams, Mark A"]
[Black "Waterfield, John W"]
[Result "1/2-1/2"]
[WhiteElo "2026"]
[BlackElo "1988"]
[PlyCount "21"]
[EventDate "2010.05.02"]
[SourceDate "2009.10.24"]

1. e4 c5 2. Nf3 g6 3. d4 cxd4 4. Nxd4 Nc6 5. Be3 Bg7 6. Nc3 Nf6 7. Be2 O-O 8.
Qd2 d5 9. exd5 Nxd5 10. Nxd5 Nxd4 11. Bxd4 1/2-1/2

[Event "4NCL/Div3/FPONTY vs. GLOSG"]
[Site "Wokefield Park ENG"]
[Date "2010.05.02"]
[Round "10.4"]
[White "Taylor, Geoffrey P"]
[Black "Robinson, David"]
[Result "1/2-1/2"]
[WhiteElo "1962"]
[BlackElo "1967"]
[PlyCount "52"]
[EventDate "2010.05.02"]
[SourceDate "2009.10.24"]

1. e4 d5 2. exd5 Qxd5 3. Nc3 Qa5 4. d4 Nf6 5. Bc4 Bg4 6. f3 Bf5 7. Nge2 c6 8.
Bd2 Qd8 9. Ng3 Bg6 10. Nce2 e6 11. c3 Bd6 12. Bg5 Qc7 13. Bd3 Nbd7 14. c4 Qa5+
15. Bd2 Qc7 16. Qc2 Nh5 17. Nxh5 Bxh5 18. O-O-O Bg6 19. c5 Bxd3 20. Qxd3 Be7
21. Kb1 Nf6 22. Bf4 Qd7 23. Be5 O-O 24. Nc3 Nd5 25. Nxd5 Qxd5 26. Qe4 Qxe4+
1/2-1/2

[Event "4NCL/Div3/FPONTY vs. GLOSG"]
[Site "Wokefield Park ENG"]
[Date "2010.05.02"]
[Round "10.5"]
[White "Davis, Lee"]
[Black "Meade, Philip J"]
[Result "1/2-1/2"]
[WhiteElo "1961"]
[BlackElo "1960"]
[PlyCount "41"]
[EventDate "2010.05.02"]
[SourceDate "2009.10.24"]

1. d4 Nf6 2. g3 d5 3. Bg2 e6 4. Nf3 c5 5. c4 Nc6 6. O-O cxd4 7. Nxd4 Bc5 8.
Nxc6 bxc6 9. Nc3 O-O 10. Bg5 h6 11. Bxf6 Qxf6 12. Rc1 Bd4 13. cxd5 cxd5 14. e3
Bxc3 15. Rxc3 Ba6 16. Re1 Rab8 17. Qd2 Rfc8 18. Rxc8+ Rxc8 19. Rc1 Qd8 20. Bf1
Bxf1 21. Kxf1 1/2-1/2

[Event "4NCL/Div3/FPONTY vs. GLOSG"]
[Site "Wokefield Park ENG"]
[Date "2010.05.02"]
[Round "10.6"]
[White "Dodwell, Phil"]
[Black "Gilbert, Colin"]
[Result "1/2-1/2"]
[WhiteElo "1978"]
[BlackElo "1867"]
[PlyCount "51"]
[EventDate "2010.05.02"]
[SourceDate "2009.10.24"]

1. e4 c5 2. Nc3 Nc6 3. Bb5 Nd4 4. Bc4 e6 5. Nge2 a6 6. Nxd4 cxd4 7. Ne2 b5 8.
Bb3 Bb7 9. d3 d5 10. exd5 Bxd5 11. O-O Bxb3 12. axb3 Be7 13. Bf4 Bf6 14. Ng3
Ne7 15. Ne4 e5 16. Nxf6+ gxf6 17. Bd2 Rg8 18. Qf3 Qd5 19. Qxd5 Nxd5 20. c3 dxc3
21. bxc3 Nc7 22. c4 bxc4 23. dxc4 Rb8 24. Rfb1 Rg4 25. Bc3 Ne6 26. f3 1/2-1/2

[Event "4NCL/Div3/ICENI vs. NOTT2"]
[Site "Wokefield Park ENG"]
[Date "2010.05.02"]
[Round "10.1"]
[White "Crombleholme, Alan K"]
[Black "Flynn, David"]
[Result "1/2-1/2"]
[WhiteElo "2106"]
[BlackElo "2053"]
[PlyCount "63"]
[EventDate "2010.05.02"]
[SourceDate "2009.10.24"]

1. c4 e5 2. Nc3 Nf6 3. g3 Bb4 4. Bg2 O-O 5. Nf3 Re8 6. O-O c6 7. Qb3 Bxc3 8.
dxc3 d6 9. Qc2 h6 10. Rd1 Qc7 11. b3 Be6 12. Ba3 d5 13. cxd5 cxd5 14. Rac1 Nc6
15. e3 Rad8 16. h3 Qc8 17. Kh2 Bf5 18. Qb2 Qe6 19. Nd2 Na5 20. Re1 Ne4 21. Nxe4
Bxe4 22. Qe2 Bxg2 23. Kxg2 f5 24. Bb2 Nc6 25. c4 dxc4 26. Rxc4 e4 27. Rd1 Qe7
28. Rcc1 Rxd1 29. Qc4+ Qe6 30. Qxe6+ Rxe6 31. Rxd1 Kf7 32. Rd7+ 1/2-1/2

[Event "4NCL/Div3/ICENI vs. NOTT2"]
[Site "Wokefield Park ENG"]
[Date "2010.05.02"]
[Round "10.2"]
[White "Combie, Alexander"]
[Black "Feavyour, John A"]
[Result "1/2-1/2"]
[WhiteElo "1975"]
[BlackElo "2076"]
[PlyCount "45"]
[EventDate "2010.05.02"]
[SourceDate "2009.10.24"]

1. d4 d5 2. c4 c6 3. Nf3 Nf6 4. Nc3 dxc4 5. a4 Bf5 6. Ne5 Nbd7 7. Nxc4 Qc7 8.
g3 e5 9. dxe5 Nxe5 10. Bf4 Nfd7 11. Bg2 f6 12. O-O Rd8 13. Nxe5 fxe5 14. Bg5
Be7 15. Bxe7 Kxe7 16. Qb3 Nf6 17. f4 e4 18. a5 Rd2 19. Qc4 Re8 20. Qc5+ Ke6 21.
Qc4+ Ke7 22. Qc5+ Ke6 23. Qc4+ 1/2-1/2

[Event "4NCL/Div3/ICENI vs. NOTT2"]
[Site "Wokefield Park ENG"]
[Date "2010.05.02"]
[Round "10.3"]
[White "Ruthen, Stephen W"]
[Black "Burke, Steven J"]
[Result "1/2-1/2"]
[WhiteElo "2093"]
[BlackElo "1954"]
[PlyCount "200"]
[EventDate "2010.05.02"]
[SourceDate "2009.10.24"]

1. c4 f5 2. g3 Nf6 3. Bg2 g6 4. Nc3 Bg7 5. Nf3 O-O 6. O-O d6 7. d3 e5 8. Qc2
Nc6 9. a3 h6 10. Rb1 Be6 11. b4 g5 12. b5 Ne7 13. Nd2 Rb8 14. e4 f4 15. Nd5 Ng6
16. Nb3 Nh5 17. Rd1 c6 18. bxc6 bxc6 19. Nb4 Qc8 20. c5 f3 21. cxd6 fxg2 22.
Nc5 Bg4 23. Re1 a5 24. Nba6 Rxb1 25. Qxb1 Rf7 26. Qb8 Bf8 27. Qxc8 Bxc8 28. Be3
Bxd6 29. Kxg2 Bxa6 30. Nxa6 Bxa3 31. Rb1 Nf6 32. Rb6 Ne7 33. Bd2 Ng4 34. f3 Nf6
35. Bxa5 Bc1 36. Bb4 Be3 37. Rb7 Ng6 38. Rb8+ Kh7 39. Nc5 g4 40. Rb7 gxf3+ 41.
Kxf3 Rxb7 42. Nxb7 Bd4 43. h3 Nd7 44. Nd8 {=} c5 45. Bd2 Nh8 46. g4 Kg6 47. h4
h5 48. Bg5 Nf6 49. gxh5+ Nxh5 50. Kg4 Nf6+ 51. Kf3 Nf7 52. Nxf7 Kxf7 53. Bh6
Nh7 54. Kg4 Kg6 55. Bd2 Nf6+ 56. Kf3 Kh5 57. Bg5 Ng4 58. Ke2 Nh2 59. Be7 Kg4
60. Kd2 Nf3+ 61. Kc2 Nxh4 62. Kb3 Ng6 63. Bd6 Kf3 64. Kc4 Ke3 65. Bc7 Nf4 66.
Bxe5 Nxd3 67. Bd6 Kxe4 68. Bxc5 Nxc5 69. Kb4 Kd5 70. Kb5 Nd3 71. Ka6 Kc6 72.
Ka5 Kc5 73. Ka6 Nb2 74. Ka5 Be5 75. Ka6 Kc6 76. Ka7 Nd3 77. Ka6 Bc3 78. Ka7 Nc5
79. Kb8 Ba5 80. Ka7 Bb6+ 81. Ka8 Ne6 82. Kb8 Bc7+ 83. Ka8 Nc5 84. Ka7 Nd7 85.
Ka8 Nb6+ 86. Ka7 Bd6 87. Ka6 Nc8 88. Ka5 Bc5 89. Ka6 Nd6 90. Ka5 Bb6+ 91. Kb4
Kd5 92. Kc3 Kc5 93. Kd2 Kd4 94. Kc2 Bc5 95. Kd2 Ke4 96. Ke2 Nf5 97. Kf1 Kf3 98.
Ke1 Be3 99. Kf1 Ng3+ 100. Ke1 Ke4 1/2-1/2

[Event "4NCL/Div3/ICENI vs. NOTT2"]
[Site "Wokefield Park ENG"]
[Date "2010.05.02"]
[Round "10.4"]
[White "Thompson, Brian"]
[Black "Savage, Nicholas W"]
[Result "0-1"]
[WhiteElo "1953"]
[BlackElo "1996"]
[PlyCount "88"]
[EventDate "2010.05.02"]
[SourceDate "2009.10.24"]

1. d4 Nf6 2. Nf3 g6 3. Nc3 d5 4. Bf4 Bg7 5. e3 O-O 6. Be2 c5 7. O-O Nc6 8. Qd2
Ne4 9. Nxe4 dxe4 10. Ng5 e5 11. Nxe4 exf4 12. Nxc5 Re8 13. Bc4 Bh6 14. Rae1 Ne5
15. Be2 f3 16. gxf3 Bh3 17. Kh1 Bxf1 18. Rxf1 Rc8 19. Ne4 f5 20. Ng3 Nc4 21.
Qb4 Nb6 22. c4 Qe7 23. c5 Kh8 24. Qb3 Na8 25. Bb5 Red8 26. Qc3 Bg7 27. b4 Nc7
28. Bc4 b6 29. Qb3 bxc5 30. bxc5 Rb8 31. Qa3 Nb5 32. Bxb5 Rxb5 33. Ne2 Qb7 34.
Nc3 Qxf3+ 35. Kg1 Rb7 36. c6 Qxc6 37. Rc1 Qb6 38. Rb1 Qc7 39. Rc1 Qe7 40. Qa5
Rdb8 41. Ne2 Rb1 42. Rxb1 Rxb1+ 43. Kg2 Bf6 44. Qa6 Qb7+ 0-1